| 000 | 00462nam a22001817a 4500 | ||
|---|---|---|---|
| 003 | OSt | ||
| 005 | 20260217131835.0 | ||
| 008 | 260217b |||||||| |||| 00| 0 eng d | ||
| 020 | _a9780143477587 | ||
| 082 |
_a006.3 _bSETH |
||
| 100 | _aSeth,Nitin | ||
| 245 | _aHuman edge in the AI age - Eight timeless mantras for success | ||
| 260 |
_aHaryana _bPenguin Random House _c2025 |
||
| 300 | _a454p | ||
| 546 | _aEnglish | ||
| 650 | _aHistory | ||
| 942 |
_2ddc _cBK |
||
| 999 |
_c3944 _d3944 |
||